000 004910000a22001810004500
003 MACL
005 20150804152656.0
008 150804b xxu||||| |||| 00| 0 eng d
040 _aMACL
_cMACL
041 _aEnglish
082 _a370/MAN
100 _aMani, Dr. R.S.
_94657
245 _aEducational Ideas and Ideals of Gandhi and Tagore
_bA Comprative Study
260 _bNew Books Society of India
_c1995
_aNew Delhi
350 _a350
650 _aEducation
_94659
942 _cBK
_k370
_2ddc
999 _c2676
_d2676